| 000 | 01084cam a22003134a 4500 | ||
|---|---|---|---|
| 999 |
_c10073 _d10073 |
||
| 001 | 49519050 | ||
| 003 | OCoLC | ||
| 005 | 20241126110724.0 | ||
| 008 | 020326s2002 nyu 000 0 eng | ||
| 010 | _a 2002025890 | ||
| 020 | _a0446530247 | ||
| 020 | _a9780446530248 | ||
| 035 | _a(OCoLC)49519050 | ||
| 040 |
_aDLC _cDLC _dBAKER _dBTCTA _dYDXCP _dZE3 |
||
| 042 | _apcc | ||
| 050 | 0 | 0 |
_aBS649.E63 _bL345 2002 |
| 082 | 0 | 0 |
_a231.745 _221 _bLAH |
| 092 |
_a231.745 _bL183 |
||
| 100 | 1 |
_aLaHaye, Tim F. _91025 |
|
| 245 | 1 | 4 |
_aThe merciful God of prophecy : _bhis loving plan for you in the end times / _cTim LaHaye. |
| 260 |
_aNew York : _bWarner Books, _c2002. |
||
| 300 | _axiv, 301 p. 24 cm. | ||
| 520 | _aGod of judgment ? or God of mercy?. The author surveys hundreds of biblical portents and reveals the patterns in which they came to fruition. | ||
| 630 | 0 | 0 |
_aBible _xProphecies _xEnd of the world. _92005 |
| 630 | 0 | 0 |
_aBible _xProphecies. _9457 |
| 650 | 0 |
_aEnd of the world _xBiblical teaching. _92003 |
|
| 650 | 0 |
_aGod _xMercy _xBiblical teaching. _917484 |
|
| 942 |
_2ddc _cBK |
||